The accidental Godman / (Record no. 79788)

MARC details
000 -LEADER
fixed length control field 00491nam a22001817a 4500
005 - DATE AND TIME OF LATEST TRANSACTION
control field 20131202152855.0
010 ## - LCCN (DPL NO)
LC control number ENG-108576
020 ## - INTERNATIONAL STANDARD BOOK NUMBER
International Standard Book Number 9789381506134
Terms of availability 325.00
035 ## - SYSTEM CONTROL NUMBER
System control number EN-92109
037 ## - SOURCE OF ACQUISITION
Source of stock number/acquisition DBAD/PUB
082 ## - DEWEY DECIMAL CLASSIFICATION NUMBER
Classification number S
100 ## - MAIN ENTRY--PERSONAL NAME
Personal name Bhimani, Kishore
245 ## - TITLE STATEMENT
Title The accidental Godman /
Statement of responsibility, etc by Kishore Bhimani
260 ## - PUBLICATION, DISTRIBUTION, ETC. (IMPRINT)
Place of publication, distribution, etc New Delhi
Name of publisher, distributor, etc Amaryllis
Date of publication, distribution, etc 2012
270 ## - ADDRESS
Address J-39, Ground Floor, Jor Bagh
City New Delhi
Postal code 110003
300 ## - PHYSICAL DESCRIPTION
Extent xiii,303p.
Dimensions 24cm(pbk)
942 ## - ADDED ENTRY ELEMENTS (KOHA)
Source of classification or shelving scheme Dewey Decimal Classification
Item type English Books
Call number suffix BHI
Classification part S
Holdings
Withdrawn status Lost status Not for loan Collection code Home library Current library Date acquired Source of acquisition Cost, normal purchase price Full call number Barcode Copy number Cost, replacement price Koha item type
    Not For Loan Fiction D.B.Act.Division D.B.Act.Division 03/10/2013 DBAD/PUB 325.00 S BHI EN-92109 1 325.00 English Books

© Delhi Public Library
Hit Counter
free hit counter